000 00270nam a22001217a 4500
008 181022b xxu||||| |||| 00| 0 eng d
041 _aeng
080 _a611
100 _a6
101 _aGEN
245 _aGenetics Analysis Principles
_cBrooker.R.J
942 _2udc
_cBK
999 _c50508
_d50508